Haiti czy Dominikana? - Statystyki

Ogólne statystyki
  • Ten quiz został rozwiązany 1 482 razy
    1 479 od ostatniego zresetowania
  • Średni wynik to 11 z 15
Statystyki odpowiedzi
Zagadnienie Odpowiedź % Poprawnych
Posiada wyższe PKB na osobę Dominikana
90%
Stolica nazywa się Santo Domingo Dominikana
89%
Trzęsienie ziemi zabiło ponad 100 tysięcy osób w 2010 Haiti
87%
Znany jest z voodoo Haiti
84%
Położona bardziej na wschód Dominikana
82%
95% ludzi jest czarnoskórych Haiti
82%
Większe powierzchniowo Dominikana
79%
Była francuską kolonią Haiti
79%
Państwo, w którym urodził się projektant mody Oscar de la Renta Dominikana
76%
Wcześniej ogłosił niepodległość Haiti
73%
Był rządzony przez dyktatorów „Papa Doc” i „Baby Doc” Haiti
73%
Posiada dwa urzędowe języki Haiti
67%
Słynie z cygar Dominikana
64%
Baseball jest najbardziej popularną dyscypliną sportową Dominikana
60%
Dom pierwszej stałej europejskiej osady w obu Amerykach Dominikana
59%
Nie znaleziono quizów pasujących do podanych kryteriów
Rozkład punktacji
Procent ludzi z każdym wynikiem
Percentyl według liczby udzielonych odpowiedzi
Twoja historia wyników
Nie rozwiązałeś tego quizu od ostatniego zresetowania